000 00380nam a2200145Ia 4500
008 230917s9999||||xx |||||||||||||| ||und||
040 _e59655
_aMAIN
041 _aEnglish
082 _a658.4 G76B
100 _aGraham, Gerald H
245 0 _aBusiness: The process of enterprise
260 _aChicago
_bScience Research Associates
_c1977
300 _axiv, 529 p.
942 _cBK
999 _c180310
_d180310